书目信息 |
| 题名: |
黄巾起义
|
|
| 作者: | 罗秉英 著 ;安徽师范大学中文系 编 | |
| 分册: | ||
| 出版信息: | 北京 中华书局 1974 |
|
| 页数: | 47页 | |
| 开本: | 19cm | |
| 丛书名: | 历史知识读物 | |
| 单 册: | ||
| 中图分类: | K234.201 | |
| 科图分类: | ||
| 主题词: | 中国--古代史--封建社会 | |
| 电子资源: | ||
| ISBN: | ||
| 000 | 00750nam2 2200265 45 | |
| 001 | 0176000004 | |
| 005 | 20060728163200.81 | |
| 010 | @dCNY0.13 | |
| 091 | @aCN@bR10102.670 | |
| 100 | @a19960126d1974 cdmy0chiy0121 ea | |
| 101 | 0 | @achi |
| 102 | @aCN@b110000 | |
| 102 | @aCN@b110000 | |
| 105 | @af z 000zy | |
| 200 | 10 | @a黄巾起义@Ahuang jin qi yi@f罗秉英著@Fluo bing ying zhu |
| 210 | @a北京@c中华书局@d1974 | |
| 215 | @a47页@c图@d19cm | |
| 225 | 2 | @a历史知识读物 |
| 410 | 0 | @12001 @a历史知识读物 |
| 606 | 0 | @a中国@x古代史@x封建社会 |
| 690 | @aK234.201@v3 | |
| 701 | 0 | @a罗秉英@Aluo bing ying@4著 |
| 711 | 02 | @a安徽师范大学中文系@Aan hui shi fan da xue zhong wen xi@4编 |
| 801 | 0 | @aCN@bTSSF@c20060728 |
| 905 | @a10447@dK234.201@e28 | |
| 黄巾起义/罗秉英著.-北京:中华书局,1974 |
| 47页:图;19cm.-(历史知识读物) |
| ISBN :CNY0.13 |
| ● |
| 相关链接 |
|
|
|
|
正题名:黄巾起义
索取号:K234.201/28
 
预约/预借
| 序号 | 登录号 | 条形码 | 馆藏地/架位号 | 状态 | 备注 |
| 1 | 0436086 | 204360869 | 密集书库/ [索取号:K234.201/28] | 在馆 | |
| 2 | 0436087 | 204360878 | 密集书库/ [索取号:K234.201/28] | 在馆 | |
| 3 | 0436088 | 204360887 | 密集书库/ [索取号:K234.201/28] | 在馆 | |
| 4 | 0443736 | 204437369 | 密集书库/ [索取号:K234.201/28] | 在馆 |